| 000 | 00000nam##2200000za#4500 |
| 001 | 9.648359 |
| 003 | CaOODSP |
| 005 | 20210924140247 |
| 007 | ta |
| 008 | 150407|2001||||xxc||||| f|0| 0 eng|d |
| 020 | |a0-662-31144-2 |
| 040 | |aCaOODSP|beng |
| 043 | |an-cn--- |
| 086 | 1 |aRG52-41/2001E |
| 110 | 1 |aCanada. |bCompetition Bureau. |
| 245 | 10|aMerger Review benchmarking report |
| 260 | |aOttawa - Ontario : |bIndustry Canada. |c2001. |
| 300 | |a137p. : |bfigs., references, tables ; |c28 cm. |
| 563 | |aRing binding |
| 590 | |a01-42|b2001-10-19 |
| 690 | 07|aMergers|2gcpds |
| 775 | 08|tRapport de l'analyse comparative de l'examen des fusionnements |w(CaOODSP)9.681662 |
| 776 | 0#|tMerger review benchmarking report |w(CaOODSP)9.698039 |